00000000nam##2200000za#4500
0019.616000
003CaOODSP
00520210615101359
007ta
008150406|2003||||xxc|||||     f|0| 0 eng|d
020 |a0-660-18898-8
022 |a0706-7313
040 |aCaOODSP|beng
043 |an-cn---
0861 |aA42-42/23-2003E
1102 |aNational Research Council Canada.
24514|aThe orb-weaving spiders of Canada and Alaska (Araneae: Uloboridae, Tetragnathidae, Araneidae, Theridiosomatidae) / |cby Charles D. Dondale ... et al.
260 |aOttawa - Ontario : |bNational Research Council |c2003.
300 |avi, 371p. : |bfigs., maps, references, index ; |c23 cm.
4901 |aThe insects and arachnids of Canada|x0706-7313|vPart 23
500 |aContent: Definition of orb-weaving spiders.--Nature of orb webs.--Production and uses of silk.--Venoms.--Habitats and diets.--Reproduction.--Family Uloboridae.--Family Tetragnathidae.--Family Araneidae.--Family Theridiosomatidae.
5203 |aThis manual is part of a series on research on insects and spiders in Canada and neighbouring regions. Manuals provide descriptions, maps, illustrations, taxonomic keys to identify species, and information on collecting and preserving methods. These guides are intended for both professional biologists and amateur naturalists.
563 |aSoftcover
590 |a03-26|b2003-06-27
69007|aArachnids|2gcpds
69007|aInsects|2gcpds
7201 |aDondale, Charles D.
830#0|aThe insects and arachnids of Canada,|x0706-7313|vPart 23|w(CaOODSP)9.514402